Регионална библиотека "Любен Каравелов" - Русе

Техническа безопасност при работа с газове и течности в бутилки (Запис номер 379766)

MARC детайли
000 -Лидер
Контролно поле с фиксирана дължина nam a22 a 4500
003 - Код на организацията, давaща контролен номер
Контролно поле BLK
005 - Дата и час на последна редакция
Контролно поле 20230104151840.0
008 - Елементи от данни с фиксирана дължина
fixed length control field 200316b bul|||||r ||||||| ||bul||
040 ## - Източник на каталожния запис
Идентификатор на билиотеката - собственик на записа BLK
041 ## - Код за език
Код за езика на текст/звукозапис или на отделно заглавие Български
Код за езика КДБФ Български
080 ## - УДК
Текстов определител УДК Продукти на основната химическа промишленост
УДК код - определител по УДК 661
УДК - код + определител 661
100 ## - Редна дума - Автор
Автор Гюнкин, Васил Георгиев
Авторска отговорност първи автор
R(LIN) 1299
139 ## - Редно поле
Редна дума Гюнкин, Васил Георгиев
245 10 - Сведения за заглавието
Заглавие Техническа безопасност при работа с газове и течности в бутилки
Редно поле (дума) Васил Георгиев Гюнкин.
257 ## - Страна на издаване
Страна на създаване/издаване България
260 ## - Област на издателските данни
Място на издаване, разпространение и проч. София
Име на издателя, разпространителя и проч. Профиздат
Година на издаване 1964 [библиогр. каре 1965]
300 ## - Физическа характеристика
Страници 68 с.
Илюстрации и др. с ил.
Размери/Мащаб 18 см
380 ## - Жанр
Жанр Техника
490 ## - СЕРИИ (Колекции)
Име на серия Библиотека Охрана на труда
№: серия 69
9 (RLIN) 205342
650 #4 - Допълнително описание по предмет – тема
Основно описание – тема или топоним Химическа промишленост - Техника на безопасността
9 (RLIN) 424297
653 #7 - Ключова дума – ненормативна
Ключова дума техника на безопасността
9 (RLIN) 198275
852 ## - Местоположение
Форматна сигнатура Цб І 7384
Фондова буква Хранилище
856 ## - Електронен адрес и достъп
Инструкция (цена за достъп) 0.00
Права за достъп disable
999 ## - СИСТЕМНИ КОНТРОЛНИ НОМЕРА
Koha biblionumber 379766
Koha biblioitemnumber 379766
942 ## - АРТИКУЛИ
Вид на библиотечния материал Книги
Скрит в OPAC Не
Периодичен библиозапис Да
944 ## - СЪЗДАВАНЕ И РЕДАКЦИЯ на ЗАПИСА
Създаване/Редакция Създаване
Дата на регистрацията/редакция 2020-08-06
Служител, извършил регистрацията/редакцията Микаела Микова - Илиева
999 ## - СИСТЕМНИ КОНТРОЛНИ НОМЕРА
Koha biblioitemnumber 379766
999 ## - СИСТЕМНИ КОНТРОЛНИ НОМЕРА
Koha biblioitemnumber 518534
Наличности
Код за отписване Код за изгубен артикул Източник на класификационната схема Код за повреда Коз за рестрикции Код за отдаване Артикулен № Име на библиотеката - собственик Име на библиотеката, в която се намира в момента Статус (Текущо местоположение) Дата на вписване в системата Местоположение - отдел Цена в лева Инвентарен номер Систематично азбучна сигнатура Баркод Цена в евро Служебен тип на артикула
  Не е изгубен Universal Decimal Classification Не е повреден без рестрикции ползва се в читалня 789165 Регионална библиотека "Любен Каравелов" Русе Регионална библиотека "Любен Каравелов" Русе Хранилище 2020-08-10 Хранилище 0.09 5412/65 Цб І 7384 900000013138 0.05 Книги
Vip Innovations Ltd, Rousse, Bulgaria 2025